[Event "Hastings Masters 2018-19"]
[Site "Hastings ENG"]
[Date "2018.12.31"]
[Round "4.28"]
[White "Rahulan, Thivyaa"]
[Black "Nettleton, Charlie B"]
[Result "0-1"]
[WhiteElo "1814"]
[BlackElo "2050"]
[WhiteFideId "431940"]
[BlackFideId "419710"]
[EventDate "2018.12.28"]

1. e4 g6 2. d4 Bg7 3. Nc3 d6 4. h3 a6 5. a4 b6 6. Nf3 Bb7 7. Bf4 e6 8. Bg5 Ne7
9. Be2 h6 10. Be3 Nd7 11. Qd2 Nf6 12. Bd3 c5 13. O-O c4 14. Bxc4 Nxe4 15. Nxe4
Bxe4 16. Be2 Nf5 17. c3 O-O 18. Rfe1 Qc7 19. Nh2 Qb7 20. Bf3 Bxf3 21. Nxf3 Qd5
22. Qd3 b5 23. Nd2 e5 24. Ne4 Nxe3 25. fxe3 f5 26. Nd2 e4 27. Qe2 Qc6 28. axb5
axb5 29. Rf1 d5 30. Nb3 Qc4 31. Qc2 Rxa1 32. Rxa1 f4 33. Nc5 b4 34. Ne6 Rf7 35.
Nxf4 Bxd4 36. Nxd5 Bc5 37. Qd2 b3 38. Nb4 Kg7 39. Rc1 h5 40. Rd1 Rb7 41. h4 Qe6
42. Nd5 Qg4 43. Qe1 Rf7 44. Kh1 Bd6 45. c4 Rf1+ 0-1

[Event "Hastings Masters 2018-19"]
[Site "Hastings ENG"]
[Date "2018.12.31"]
[Round "4.29"]
[White "Comellas Blanchart, Jordi"]
[Black "Royal, Shreyas"]
[Result "1-0"]
[BlackTitle "CM"]
[WhiteElo "2129"]
[BlackElo "1892"]
[WhiteFideId "2291096"]
[BlackFideId "448869"]
[EventDate "2018.12.28"]

1. d4 Nf6 2. c4 g6 3. g3 Bg7 4. Bg2 O-O 5. Nc3 d6 6. Nf3 Nbd7 7. O-O e5 8. e4 c6
9. h3 Qa5 10. Re1 exd4 11. Nxd4 Ne5 12. Bf1 Qb6 13. Nb3 Be6 14. Be3 c5 15. Nd5
Bxd5 16. exd5 Rae8 17. Rc1 Qb4 18. Kg2 Qb6 19. Qc2 Re7 20. Nd2 Rfe8 21. Rb1 Qc7
22. a3 Ned7 23. Rec1 b5 24. b3 Nb6 25. Bd3 Nfd7 26. Bg5 f6 27. Bf4 f5 28. Nf3
bxc4 29. bxc4 Ne5 30. Bg5 Rf7 31. Re1 Ref8 32. Be2 h6 33. Bd2 g5 34. Rf1 Qe7 35.
Rbe1 Qf6 36. Bc3 Qg6 37. Nxe5 dxe5 38. g4 Qd6 39. gxf5 Rxf5 40. Bg4 Rf4 41. Be6+
Kh8 42. Re4 Nxc4 43. Qe2 Rxe4 44. Qxe4 Rf4 45. Qg6 Qf8 46. Qd3 Nd6 47. Qe2 e4
48. Qb2 Kh7 49. Bxg7 Qxg7 50. Qb8 Nc4 51. d6 Nb6 52. Qc7 Rf8 53. d7 Na8 54. Qxc5
Nb6 55. Rd1 Rd8 56. Qf5+ Qg6 57. Qe5 Qg7 58. Bf5+ Kh8 59. Qe8+ Qg8 60. Qe7 1-0

[Event "Hastings Masters 2018-19"]
[Site "Hastings ENG"]
[Date "2018.12.31"]
[Round "4.30"]
[White "Pitschka, Claus"]
[Black "Salmons, Calum"]
[Result "1-0"]
[WhiteTitle "FM"]
[WhiteElo "2228"]
[BlackElo "1905"]
[WhiteFideId "4617762"]
[BlackFideId "437280"]
[EventDate "2018.12.28"]

1. d4 Nf6 2. Nf3 c5 3. d5 d6 4. Nc3 Nbd7 5. e4 g6 6. Be2 Bg7 7. O-O O-O 8. Nd2
Nb6 9. a4 Bd7 10. a5 Nc8 11. f4 e6 12. dxe6 fxe6 13. Bf3 Bc6 14. Nc4 d5 15. Ne5
Ne7 16. Nxc6 bxc6 17. Re1 d4 18. Ne2 Qd7 19. Ra4 Rab8 20. b3 Rfd8 21. Ba3 Rb5
22. Rc4 Rxa5 23. Bxc5 d3 24. cxd3 Nxe4 25. Bxe7 Nc3 26. Nxc3 Bxc3 27. Rxc3 Qxe7
28. Rxc6 1-0

[Event "Hastings Masters 2018-19"]
[Site "Hastings ENG"]
[Date "2018.12.31"]
[Round "4.31"]
[White "Ratnesan, Ranesh"]
[Black "Metcalfe, Charlie P"]
[Result "1-0"]
[WhiteElo "2063"]
[BlackElo "1743"]
[WhiteFideId "439339"]
[BlackFideId "443883"]
[EventDate "2018.12.28"]

1. d4 d5 2. c4 dxc4 3. e3 Nf6 4. Bxc4 e6 5. Nf3 a6 6. O-O b5 7. Bd3 Bb7 8. a4 b4
9. Nbd2 c5 10. e4 Nc6 11. e5 Ng4 12. Nc4 Nxd4 13. Ng5 h5 14. Ne4 Bxe4 15. Bxe4
Qh4 16. Bf4 Nxh2 17. g3 Qh3 18. Bg2 Ndf3+ 19. Bxf3 Ng4 20. Bc6+ 1-0

[Event "Hastings Masters 2018-19"]
[Site "Hastings ENG"]
[Date "2018.12.31"]
[Round "4.32"]
[White "Wilson, Matthew R"]
[Black "Norinkeviciute, Rasa"]
[Result "1-0"]
[BlackTitle "WFM"]
[WhiteElo "1822"]
[BlackElo "2028"]
[WhiteFideId "423459"]
[BlackFideId "12801925"]
[EventDate "2018.12.28"]

1. e4 c5 2. Nf3 d6 3. Bb5+ Bd7 4. c4 Nc6 5. d4 cxd4 6. Nxd4 Nf6 7. Nc3 e6 8. O-O
Be7 9. Be3 O-O 10. f4 a6 11. Bxc6 bxc6 12. Qf3 c5 13. Nde2 Bc6 14. Rad1 Qb6 15.
b3 Qb7 16. Ng3 Nxe4 17. Ngxe4 f5 18. Nxd6 Bxd6 19. Qf2 Be7 20. Na4 Bxa4 21. bxa4
Qc6 22. Qc2 Rab8 23. a3 Rb7 24. Rb1 Rfb8 25. a5 Bd8 26. Rxb7 Rxb7 27. Rb1 Rd7
28. Rd1 Rxd1+ 29. Qxd1 Bxa5 30. Qh5 h6 31. Kf2 Bc3 32. Qf3 Qd6 33. Ke2 Kh7 34.
g4 Bd4 35. gxf5 exf5 36. Qd5 Qf6 37. Bxd4 cxd4 38. Kd3 Kg6 39. c5 Qh4 40. Qxd4
Qe1 41. Kc4 Qc1+ 42. Kd5 Qxa3 43. c6 Qa5+ 44. Qc5 Qd2+ 45. Ke6 Qxf4 46. c7 Qe4+
47. Kd7 Qh1 48. Qd6+ Kh5 49. c8=Q g5 50. Qe8+ Kg4 51. Qe2+ Kh3 1-0

[Event "Hastings Masters 2018-19"]
[Site "Hastings ENG"]
[Date "2018.12.31"]
[Round "4.33"]
[White "Byrn, Carsten"]
[Black "Kearsley, Raymond J"]
[Result "1-0"]
[WhiteElo "1961"]
[BlackElo "1537"]
[WhiteFideId "1406345"]
[BlackFideId "470562"]
[EventDate "2018.12.28"]

1. d4 d5 2. Bg5 h6 3. Bh4 c5 4. dxc5 Qa5+ 5. Nc3 e6 6. a3 Qxc5 7. e4 g5 8. Bg3
Bg7 9. Qd2 Bxc3 10. bxc3 dxe4 11. Rb1 Nf6 12. Bd6 Qd5 13. Rb5 Qxd2+ 14. Kxd2
Nbd7 15. h4 g4 16. Ne2 a6 17. Rb2 b5 18. Nd4 Bb7 19. a4 Rc8 20. axb5 e3+ 21.
Kxe3 Nd5+ 22. Kd2 axb5 23. Nxb5 N7b6 24. c4 Nxc4+ 25. Bxc4 Rxc4 26. Be5 Rg8 27.
Nd6+ 1-0

[Event "Hastings Masters 2018-19"]
[Site "Hastings ENG"]
[Date "2018.12.31"]
[Round "4.34"]
[White "Faulks, Nick"]
[Black "Choi, Shinwoo"]
[Result "1-0"]
[WhiteTitle "CM"]
[WhiteElo "1917"]
[BlackElo "1219"]
[WhiteFideId "8800103"]
[BlackFideId "13209892"]
[EventDate "2018.12.28"]

1. e4 c5 2. Nf3 e6 3. d4 cxd4 4. Nxd4 a6 5. c4 Qc7 6. Nc3 Nf6 7. a3 Bc5 8. Be3
O-O 9. Be2 d6 10. O-O Nc6 11. Rc1 Bd7 12. b4 Bxd4 13. Bxd4 Nxd4 14. Qxd4 e5 15.
Qd3 Be6 16. Nd5 Bxd5 17. cxd5 Qd7 18. Rc4 Rac8 19. Rfc1 b5 20. Rc6 Rfd8 21. Kf1
Ne8 22. Qe3 Qb7 23. Qc3 Rb8 24. Bg4 Nf6 25. Bf3 g5 26. Qe3 h6 27. Rc7 Qb6 28.
Qxb6 Rxb6 29. h3 h5 30. g4 h4 31. Ke2 Ne8 32. Ra7 f6 33. Rc3 Rdb8 34. Rc6 Kf8
35. Rxa6 Rxc6 36. Rxc6 Ra8 37. Rc3 Ra7 38. Kd2 Nc7 39. Kc2 Ke8 40. Kb3 Kd8 41.
Rc6 Kd7 42. Rb6 Ra6 43. Rxa6 Nxa6 44. a4 bxa4+ 45. Kxa4 Nc7 46. Ka5 Kc8 47. Kb6
Kd7 48. Bd1 Ne8 49. Ba4+ Kd8 50. Bxe8 Kxe8 51. Kc7 1-0

[Event "Hastings Masters 2018-19"]
[Site "Hastings ENG"]
[Date "2018.12.31"]
[Round "4.35"]
[White "Butt, Laurence"]
[Black "Song, Jinwoo"]
[Result "1/2-1/2"]
[BlackTitle "FM"]
[WhiteElo "1635"]
[BlackElo "1907"]
[WhiteFideId "440884"]
[BlackFideId "413003"]
[EventDate "2018.12.28"]

1. d4 Nf6 2. e3 d5 3. f4 Bg4 4. Nf3 c5 5. Be2 Nc6 6. O-O e6 7. h3 Bxf3 8. Bxf3
Qb6 9. c3 Bd6 10. Qb3 O-O 11. Qxb6 axb6 12. g4 b5 13. g5 Nd7 14. Bg4 b4 15. Nd2
b5 16. e4 Nb6 17. e5 Be7 18. Nf3 cxd4 19. cxb4 Bxb4 20. f5 exf5 21. Bxf5 Rfe8
22. Bf4 g6 23. Bg4 Ra7 24. Rac1 Nc4 25. a3 Ba5 26. b3 N4xe5 27. Bxe5 Nxe5 28.
Rc5 Nxg4 29. hxg4 Bc3 30. Rxd5 Rxa3 31. Ne5 Ra7 32. Rxb5 Rae7 33. Nd3 Re3 34.
Nf4 Rg3+ 35. Kh2 Rxg4 36. Kh3 Rxf4 37. Rxf4 d3 38. Rf3 Rd8 39. Rf1 Rd7 40. Rd1
Kg7 41. Rc5 Bb2 42. Rd2 h6 43. gxh6+ Kxh6 44. Rc4 Bf6 45. b4 Bg5 46. Rd1 d2 47.
b5 Rd3+ 48. Kg2 Rb3 49. Rc5 Be3 50. Rd5 f5 51. Kf1 Kg5 52. Ke2 Kg4 53. Rd3 Rxd3
54. Kxd3 f4 55. Rxd2 Kf3 56. Rc2 g5 57. Rc6 g4 58. b6 Bxb6 59. Rxb6 g3 60. Rg6
g2 61. Rg5 Kf2 62. Ke4 f3 63. Kf4 Ke2 64. Rg4 f2 65. Rxg2 1/2-1/2

[Event "Hastings Masters 2018-19"]
[Site "Hastings ENG"]
[Date "2018.12.31"]
[Round "4.36"]
[White "Kolani, Arjun"]
[Black "Armstrong, Malcolm J"]
[Result "0-1"]
[WhiteElo "1533"]
[BlackElo "2052"]
[WhiteFideId "446700"]
[BlackFideId "409049"]
[EventDate "2018.12.28"]

1. e4 c6 2. c4 d5 3. exd5 cxd5 4. cxd5 Nf6 5. Nc3 Nxd5 6. Nf3 Nc6 7. Bb5 e6 8.
d4 Be7 9. O-O O-O 10. Bd3 Bf6 11. Bb1 g6 12. Bh6 Nxc3 13. bxc3 Re8 14. Nd2 e5
15. d5 Qxd5 16. Ne4 Qe6 17. a3 Rd8 18. Qf3 Be7 19. Ng5 Qf6 20. Qxf6 Bxf6 21. Ba2
Bxg5 22. Bxg5 Re8 23. Rfd1 Be6 24. Bxe6 Rxe6 25. Rd7 f6 26. Bh6 Re7 27. Rd6 Kf7
28. Be3 Na5 29. Rad1 Nc4 30. Rd7 Nxe3 31. fxe3 Rc8 32. R1d3 Rc7 33. Rxc7 Rxc7
34. e4 Ke6 35. Kf2 Rc4 36. Ke3 Ra4 37. Rd8 Rxa3 38. Kd3 Ra2 39. Re8+ Kd6 40. Rh8
h5 41. Rh7 b6 0-1

[Event "Hastings Masters 2018-19"]
[Site "Hastings ENG"]
[Date "2018.12.31"]
[Round "4.37"]
[White "Carulla Pons, Carlos"]
[Black "Stoyanov, Boris"]
[Result "1-0"]
[WhiteElo "1780"]
[BlackElo "1583"]
[WhiteFideId "24571768"]
[BlackFideId "456462"]
[EventDate "2018.12.28"]

1. Nf3 d5 2. d4 Bf5 3. g3 Nf6 4. Bg2 e6 5. O-O c5 6. c3 Nc6 7. Qb3 Rb8 8. Bg5
Be7 9. Bf4 Bd6 10. Bg5 O-O 11. a4 Na5 12. Qd1 h6 13. dxc5 Bxc5 14. Bxf6 Qxf6 15.
b4 Bxb4 16. cxb4 Qxa1 17. bxa5 Rfc8 18. Qd4 Qa2 19. Nc3 Qb3 20. Nb5 a6 21. Nd6
Rc2 22. Nxf5 exf5 23. Qe5 Rd8 24. Nd4 Qc3 25. e3 Qc7 26. Qxf5 Rc5 27. Nb3 g6 28.
Qf6 Rc4 29. Rd1 Rd6 30. Qe5 Kh7 31. Bxd5 Rb4 32. Rc1 Qd7 33. Nc5 Qc7 34. Nd3 f6
35. Rxc7+ 1-0

[Event "Hastings Masters 2018-19"]
[Site "Hastings ENG"]
[Date "2018.12.31"]
[Round "4.38"]
[White "Park, Sijoon"]
[Black "Witt, Holger"]
[Result "1/2-1/2"]
[WhiteElo "1243"]
[BlackElo "1567"]
[WhiteFideId "13207296"]
[BlackFideId "24678139"]
[EventDate "2018.12.28"]

1. e4 c5 2. Nf3 a6 3. d4 cxd4 4. Nxd4 Nf6 5. Nc3 e5 6. Nb3 Bb4 7. Bd3 O-O 8. Bd2
Nc6 9. O-O b5 10. Qf3 Bxc3 11. Bxc3 d6 12. Bd2 Be6 13. Bg5 Rc8 14. Bxf6 Qxf6 15.
Qxf6 gxf6 16. a3 Bxb3 17. cxb3 Nd4 18. b4 Rc7 19. Rac1 Rfc8 20. Rxc7 Rxc7 21. h3
Nb3 22. Kh2 Rc1 23. Kg1 Rxf1+ 24. Kxf1 Nd4 25. Ke1 h6 26. Kd2 Kf8 27. Be2 Nxe2
28. Kxe2 Kg7 29. Ke3 Kg6 30. Kf3 1/2-1/2

[Event "Hastings Masters 2018-19"]
[Site "Hastings ENG"]
[Date "2019.01.01"]
[Round "5.1"]
[White "Gormally, Daniel W"]
[Black "Petrov, Martin"]
[Result "1/2-1/2"]
[WhiteTitle "GM"]
[BlackTitle "IM"]
[WhiteElo "2481"]
[BlackElo "2472"]
[WhiteFideId "406465"]
[BlackFideId "2911086"]
[EventDate "2018.12.28"]

1. e4 c5 2. Nf3 d6 3. Bb5+ Bd7 4. Bxd7+ Qxd7 5. Nc3 e6 6. O-O Be7 7. d4 cxd4 8.
Nxd4 Nf6 9. b3 Nc6 10. Bb2 O-O 11. Qd2 Rac8 12. Rad1 Rfd8 13. Rfe1 a6 14. Na4
Qc7 15. c4 Nxd4 1/2-1/2

[Event "Hastings Masters 2018-19"]
[Site "Hastings ENG"]
[Date "2019.01.01"]
[Round "5.2"]
[White "Hawkins, Jonathan"]
[Black "Djuric, Stefan"]
[Result "1-0"]
[WhiteTitle "GM"]
[BlackTitle "GM"]
[WhiteElo "2569"]
[BlackElo "2371"]
[WhiteFideId "412686"]
[BlackFideId "900133"]
[EventDate "2018.12.28"]

1. e4 e5 2. Nf3 Nc6 3. Bc4 Nf6 4. d3 Be7 5. O-O O-O 6. Re1 d6 7. a4 a6 8. h3 Rb8
9. a5 Nd4 10. Nxd4 exd4 11. c3 d5 12. exd5 b5 13. axb6 cxb6 14. cxd4 b5 15. Bb3
Rb6 16. Nc3 Ne8 17. Bd2 Rg6 18. Qf3 Nd6 19. Ne2 Rf6 20. Nf4 Nf5 21. Re4 Bd6 22.
Rc1 Nh4 23. Qe2 Nf5 24. g3 Bb7 25. Qg4 Nh6 26. Qg5 Qd7 27. g4 Rxf4 28. Bxf4 f6
29. Qh5 Bxf4 30. Rxf4 Nf7 31. Qf5 Qd6 32. h4 a5 33. Rc5 a4 34. Bd1 Qd8 35. Re4
Bc8 36. Qf4 f5 37. gxf5 Nd6 38. Qg5 Bxf5 39. Qxd8 Rxd8 40. Re3 Bd7 41. Rc7 Kf8
42. Re5 Be8 43. Bg4 b4 44. Re3 Kg8 45. Ra7 a3 46. bxa3 b3 47. Re2 h5 48. Be6+
Kh7 49. Rb2 Nb5 50. Ra4 Nc7 51. Ra5 Kg6 52. Rxb3 1-0

[Event "Hastings Masters 2018-19"]
[Site "Hastings ENG"]
[Date "2019.01.01"]
[Round "5.3"]
[White "Petrov, Vladimir Sergeev"]
[Black "Korneev, Oleg"]
[Result "1/2-1/2"]
[WhiteTitle "IM"]
[BlackTitle "GM"]
[WhiteElo "2365"]
[BlackElo "2545"]
[WhiteFideId "2902940"]
[BlackFideId "4156803"]
[EventDate "2018.12.28"]

1. e4 e5 2. Nf3 Nc6 3. Nc3 Nf6 4. d4 exd4 5. Nxd4 Bb4 6. Nxc6 bxc6 7. Bd3 O-O 8.
O-O d5 9. exd5 cxd5 10. Bg5 c6 11. Qf3 Be7 12. Rae1 Be6 13. h3 h6 14. Bf4 Bd6
15. Ne2 c5 16. Ng3 Rb8 17. b3 Bxf4 18. Qxf4 Rb4 19. Qd2 Qd6 20. Re2 Qf4 21. Rfe1
Qxd2 22. Rxd2 h5 23. Re5 h4 24. c3 Rb6 25. Nh5 c4 26. Bc2 cxb3 27. axb3 Nxh5 28.
Rxh5 Rc8 29. Rxh4 Rxc3 30. Rhd4 a5 31. Bd1 Kf8 32. Kf1 1/2-1/2

[Event "Hastings Masters 2018-19"]
[Site "Hastings ENG"]
[Date "2019.01.01"]
[Round "5.4"]
[White "Willow, Jonah B"]
[Black "Lalic, Bogdan"]
[Result "1/2-1/2"]
[WhiteTitle "FM"]
[BlackTitle "GM"]
[WhiteElo "2218"]
[BlackElo "2418"]
[WhiteFideId "438804"]
[BlackFideId "409081"]
[EventDate "2018.12.28"]

1. e4 c6 2. d4 d5 3. e5 Bf5 4. h4 h6 5. g4 Bd7 6. h5 c5 7. c3 Nc6 8. Be3 Qb6 9.
b3 cxd4 10. cxd4 Rc8 11. a3 e6 12. Nf3 Na5 13. Nbd2 Bb5 14. Bxb5+ Qxb5 15. Qe2
Qxe2+ 16. Kxe2 Kd7 17. Kd3 Ne7 18. Rhc1 Rxc1 19. Rxc1 b5 20. Kc3 Nec6 1/2-1/2

[Event "Hastings Masters 2018-19"]
[Site "Hastings ENG"]
[Date "2019.01.01"]
[Round "5.5"]
[White "Groffen, Hans"]
[Black "Cherniaev, Alexander"]
[Result "0-1"]
[BlackTitle "GM"]
[WhiteElo "2121"]
[BlackElo "2390"]
[WhiteFideId "1004140"]
[BlackFideId "4117301"]
[EventDate "2018.12.28"]

1. d4 e6 2. c4 b6 3. e4 Bb7 4. Bd3 Nc6 5. Ne2 Nb4 6. Nbc3 Nxd3+ 7. Qxd3 d6 8.
O-O Ne7 9. f4 g6 10. d5 Bg7 11. Be3 O-O 12. Bd4 e5 13. fxe5 dxe5 14. Bf2 c5 15.
Bh4 f6 16. Rad1 Rf7 17. Kh1 Qd7 18. Ng1 h6 19. Nf3 f5 20. Bxe7 Qxe7 21. g3 Raf8
22. Nh4 Qg5 23. Kg1 Bc8 24. Nf3 Qh5 25. Nd2 f4 26. d6 Bh3 27. Nd5 Kh7 28. Rde1
Rd8 29. Rf2 Rxd6 30. Nf1 g5 31. Nxf4 exf4 32. Qxd6 Bd4 33. Re2 Qxe2 34. Qxd4
Qxf1+ 0-1

[Event "Hastings Masters 2018-19"]
[Site "Hastings ENG"]
[Date "2019.01.01"]
[Round "5.6"]
[White "Peek, Marcel"]
[Black "Leenhouts, Koen"]
[Result "0-1"]
[WhiteTitle "IM"]
[BlackTitle "IM"]
[WhiteElo "2294"]
[BlackElo "2460"]
[WhiteFideId "1000462"]
[BlackFideId "1008439"]
[EventDate "2018.12.28"]

1. d4 Nf6 2. c4 e6 3. Nf3 c5 4. d5 exd5 5. cxd5 d6 6. Nc3 g6 7. e4 Bg7 8. Bg5 h6
9. Bh4 g5 10. Bg3 Nh5 11. Bb5+ Kf8 12. e5 Nxg3 13. fxg3 a6 14. Bd3 Qb6 15. Qc2
Bg4 16. Rf1 Nd7 17. e6 c4 18. Be2 Bxf3 19. Rxf3 Ne5 20. Qf5 g4 21. Rf4 Qxb2 22.
Rb1 Qxc3+ 23. Kf1 b5 24. Rxc4 bxc4 25. Rb7 Qc1+ 26. Kf2 Nd3+ 27. Bxd3 Bd4+ 0-1

[Event "Hastings Masters 2018-19"]
[Site "Hastings ENG"]
[Date "2019.01.01"]
[Round "5.7"]
[White "Kjartansson, Gudmundur"]
[Black "Villiers, Thomas"]
[Result "1-0"]
[WhiteTitle "IM"]
[BlackTitle "CM"]
[WhiteElo "2424"]
[BlackElo "2226"]
[WhiteFideId "2301318"]
[BlackFideId "427209"]
[EventDate "2018.12.28"]

1. Nf3 c5 2. c4 Nc6 3. Nc3 g6 4. e3 Bg7 5. d4 d6 6. Be2 Nf6 7. d5 Nb8 8. e4 O-O
9. O-O Bg4 10. h3 Bxf3 11. Bxf3 Ne8 12. Be3 Nd7 13. Be2 Qb6 14. Rb1 Nc7 15. Qc2
a5 16. Rbd1 Rad8 17. Kh1 e5 18. Bd3 Ne8 19. g4 h6 20. f3 g5 21. h4 f6 22. Rd2
Rf7 23. Rh2 Nf8 24. h5 Nd7 25. Rb1 Qa6 26. a3 b6 27. Qe2 Ra8 28. Bc2 Nb8 29. Ba4
Qc8 30. Qd3 Bf8 31. b3 Na6 32. Bc6 Raa7 33. Ra2 Nb8 34. Ba4 Na6 35. Kg2 Nec7 36.
Bf2 Kh8 37. Rab2 Rh7 38. Nd1 Be7 39. Ne3 Kg8 40. Nf5 Bf8 41. Kg3 Rf7 42. Be1 Kh7
43. Kh3 Nb8 44. Bc3 Nca6 45. Bd2 Ra8 46. f4 gxf4 47. Bxf4 exf4 48. e5 Kh8 49. e6
Rh7 50. Rf1 Be7 51. Nxe7 Rxe7 52. Rxf4 Raa7 53. Rxf6 Qg8 54. Rbf2 Qg5 55. Rg6
Qc1 56. Rf8+ Kh7 57. Rgg8# 1-0

[Event "Hastings Masters 2018-19"]
[Site "Hastings ENG"]
[Date "2019.01.01"]
[Round "5.8"]
[White "Moore, Graham J"]
[Black "Sarkar, Justin"]
[Result "1/2-1/2"]
[BlackTitle "IM"]
[WhiteElo "2235"]
[BlackElo "2345"]
[WhiteFideId "441988"]
[BlackFideId "2010011"]
[EventDate "2018.12.28"]

1. e4 c6 2. d4 d5 3. Nd2 dxe4 4. Nxe4 Nf6 5. Nxf6+ gxf6 6. Nf3 Bf5 7. Bd3 Nd7 8.
O-O Bg6 9. Bf4 Bg7 10. Re1 O-O 11. Nh4 e6 12. Nxg6 hxg6 13. Qd2 Re8 14. Rad1 f5
15. Be2 a5 16. Bf3 a4 17. h4 Qxh4 18. Bg5 Qh7 19. Qb4 Ra7 20. Qd6 Nf6 21. d5
cxd5 22. Bxd5 Ra6 23. Qb4 exd5 24. Bxf6 Rxe1+ 25. Rxe1 Re6 26. Rxe6 fxe6 27.
Bxg7 Qxg7 28. Qxa4 Qxb2 29. Qe8+ Kh7 30. Qxe6 Qc1+ 31. Kh2 Qf4+ 32. Kg1 Qc1+ 1/2-1/2

[Event "Hastings Masters 2018-19"]
[Site "Hastings ENG"]
[Date "2019.01.01"]
[Round "5.9"]
[White "Stoyanov, Viktor"]
[Black "Murphy, Conor E"]
[Result "0-1"]
[BlackTitle "FM"]
[WhiteElo "2195"]
[BlackElo "2313"]
[WhiteFideId "450308"]
[BlackFideId "421669"]
[EventDate "2018.12.28"]

1. Nf3 d5 2. e3 Nf6 3. c4 e6 4. b3 c5 5. Bb2 Nc6 6. cxd5 exd5 7. Nc3 d4 8. Na4
dxe3 9. dxe3 Bd7 10. Be2 Be7 11. O-O O-O 12. Rc1 b6 13. Nc3 Bf5 14. Bb5 Nb4 15.
Qxd8 Rfxd8 16. Rfd1 a6 17. Be2 Ne4 18. Nxe4 Bxe4 19. a3 Nd3 20. Bxd3 Bxd3 21.
Ne5 Be4 22. Nd7 b5 23. f3 Bc6 24. Ne5 Bd5 25. Rd3 f6 26. Ng4 Be6 27. Nf2 Rxd3
28. Nxd3 Rd8 29. Rc3 b4 30. axb4 cxb4 31. Rc7 Bf8 32. Bd4 Bxb3 33. Nc5 Bd5 34.
Nxa6 b3 35. Rc1 Ba3 36. Rb1 Rc8 37. e4 Bc4 38. Kf2 Bxa6 39. Rxb3 Bc5 40. Bxc5
Rxc5 41. Rb2 Kf7 42. g3 Rc3 43. Kg2 Bd3 44. Rb7+ Kg6 45. Rb6 Be2 46. e5 Bxf3+
47. Kf2 Bg4 48. exf6 gxf6 49. h4 Rf3+ 50. Kg2 Re3 51. Rb4 h5 52. Kf2 Re2+ 53.
Kf1 Rc2 54. Ra4 Bh3+ 55. Ke1 Rg2 56. Ra3 Kf5 57. Rf3+ Kg4 58. Rxf6 Kxg3 59. Ra6
Rg1+ 60. Kd2 Rf1 61. Ke2 Rf8 62. Ra4 Re8+ 63. Kd2 Bg4 0-1

[Event "Hastings Masters 2018-19"]
[Site "Hastings ENG"]
[Date "2019.01.01"]
[Round "5.10"]
[White "Kalavannan, Koby"]
[Black "Payne, Matthew J"]
[Result "0-1"]
[WhiteTitle "FM"]
[WhiteElo "2339"]
[BlackElo "2182"]
[WhiteFideId "425753"]
[BlackFideId "417084"]
[EventDate "2018.12.28"]

1. d4 Nf6 2. c4 g6 3. Nc3 Bg7 4. e4 d6 5. Be2 O-O 6. Be3 e5 7. d5 a5 8. g4 Na6
9. h4 Nc5 10. Bf3 c6 11. g5 Nfd7 12. dxc6 bxc6 13. Qxd6 Qb6 14. Nge2 Re8 15. Rd1
Bf8 16. Qd2 Qb4 17. b3 a4 18. Rb1 axb3 19. axb3 Ra3 20. O-O Nxb3 21. Qd3 Ndc5
22. Bxc5 Qxc5 23. Rb2 Be6 24. Nb1 Bxc4 25. Qd1 Nd4 26. Nxd4 Rd3 27. Qc1 Rxd4 28.
Rc2 Qb4 29. Re1 Rb8 30. Nd2 Bb5 31. Rb2 Qa3 32. Bg2 Bb4 33. Nb1 Qa5 34. Re3 Rbd8
35. Bf3 Qa1 36. Rc2 Bd3 37. Nc3 Ra8 38. Re1 Bxc2 39. Qxa1 Rxa1 40. Rxa1 Bxc3 41.
Rc1 Rd2 0-1

[Event "Hastings Masters 2018-19"]
[Site "Hastings ENG"]
[Date "2019.01.01"]
[Round "5.11"]
[White "Anderson, John"]
[Black "Lyell, Mark"]
[Result "1/2-1/2"]
[BlackTitle "FM"]
[WhiteElo "2163"]
[BlackElo "2299"]
[WhiteFideId "405353"]
[BlackFideId "402354"]
[EventDate "2018.12.28"]

1. d4 f5 2. Bf4 Nf6 3. e3 e6 4. Nf3 b6 5. h3 Bb7 6. Bd3 Nc6 7. c3 Ne7 8. Nbd2
Ng6 9. Bg5 h6 10. Bxf6 Qxf6 11. Qe2 Be7 12. Ba6 Bxa6 13. Qxa6 O-O 14. O-O-O c5
15. g4 cxd4 16. cxd4 fxg4 17. hxg4 Bb4 18. Qd3 Bxd2+ 19. Nxd2 e5 20. d5 Nh8 21.
Ne4 Qg6 22. g5 hxg5 23. Rh3 Rf5 24. Nd6 Rf6 25. Ne4 Rf5 26. Nd6 1/2-1/2

[Event "Hastings Masters 2018-19"]
[Site "Hastings ENG"]
[Date "2019.01.01"]
[Round "5.12"]
[White "Sulskis, Sarunas"]
[Black "Taylor, Adam A"]
[Result "1-0"]
[WhiteTitle "GM"]
[WhiteElo "2529"]
[BlackElo "2122"]
[WhiteFideId "12800112"]
[BlackFideId "415790"]
[EventDate "2018.12.28"]

1. e4 c5 2. Nf3 Nc6 3. d4 cxd4 4. Nxd4 e5 5. Nb5 d6 6. c4 Be7 7. b3 a6 8. N5c3
f5 9. exf5 Bxf5 10. Bd3 Be6 11. O-O Nf6 12. Ne4 Nb4 13. Nbc3 Nxd3 14. Nxf6+ Bxf6
15. Qxd3 O-O 16. Ba3 Be7 17. Nd5 Bg5 18. Bxd6 Bf5 19. Qg3 Qxd6 20. Qxg5 Bd3 21.
Rfe1 e4 22. Rad1 h6 23. Qg3 Qxg3 24. hxg3 Rad8 25. Nb4 b5 26. c5 a5 27. Nc6 Ra8
28. Re3 Ra6 29. Ne5 Rf5 30. f4 g5 31. Rc1 Ra7 32. c6 Rc7 33. Nxd3 exd3 34. Rxd3
Kf8 35. Rd8+ Ke7 36. Rh8 Kd6 37. Rxh6+ Kd5 38. Rh5 1-0

[Event "Hastings Masters 2018-19"]
[Site "Hastings ENG"]
[Date "2019.01.01"]
[Round "5.13"]
[White "Bates, Richard A"]
[Black "Brown, Thomas"]
[Result "1-0"]
[WhiteTitle "IM"]
[WhiteElo "2358"]
[BlackElo "2076"]
[WhiteFideId "403555"]
[BlackFideId "1801430"]
[EventDate "2018.12.28"]

1. d4 g6 2. Nf3 Bg7 3. g3 c5 4. d5 b5 5. e4 a6 6. a4 Bb7 7. Nbd2 c4 8. Bg2 Nf6
9. O-O O-O 10. Re1 d6 11. Nd4 Nxd5 12. exd5 Bxd4 13. Nxc4 Bg7 14. axb5 axb5 15.
Rxa8 Bxa8 16. Na3 b4 17. Nc4 Nd7 18. Bd2 Nb6 19. Nxb6 Qxb6 20. Rxe7 Bxb2 21. Bh6
Bg7 22. Bxg7 Kxg7 23. Qa1+ Kg8 24. h4 Qc5 25. Ra7 Qxc2 26. Rxa8 b3 27. Rxf8+
Kxf8 28. Qa8+ Kg7 29. Qc6 Qb1+ 30. Kh2 b2 31. Qc3+ Kg8 32. Qc8+ Kg7 33. Qc3+ Kg8
34. Qb3 f5 35. Qb8+ Kg7 36. Qc7+ Kg8 37. Qb8+ Kg7 38. Qc7+ Kg8 39. Qc8+ Kg7 40.
Qd7+ Kg8 41. Qxd6 Qa2 42. Qe6+ Kf8 43. Qf6+ Kg8 44. d6 1-0